|
|
|
|
| LEADER |
01454nam a2200277 a 4500 |
| 001 |
0020431 |
| 003 |
BD-DhAAL |
| 008 |
1000610s1997 maua b 001 0 eng d |
| 010 |
|
|
|a \\\97034860
|
| 020 |
|
|
|a 0262100665 (alk. paper)
|
| 040 |
|
|
|a DLC
|c DLC
|d DLC
|d BD-DhAAL
|
| 082 |
0 |
0 |
|a 006.454
|2 21
|
| 100 |
1 |
|
|a Jelinek, Frederick,
|d 1932-
|9 58985
|
| 245 |
1 |
0 |
|a Statistical methods for speech recognition /
|c Frederick Jelinek.
|
| 260 |
|
|
|a Cambridge, Mass. :
|b MIT Press,
|c c1997.
|
| 300 |
|
|
|a xxi, 283 p. :
|b ill. ;
|c 24 cm
|
| 490 |
0 |
|
|a Language, speech, and communication
|
| 504 |
|
|
|a Includes bibliographical references and index.
|
| 541 |
1 |
|
|e 0020431, 0020432, 0020433
|a Trim Education
|
| 650 |
|
0 |
|a Automatic speech recognition
|x Statistical methods.
|9 58986
|
| 852 |
4 |
|
|a Ayesha Abed Library
|c General Stacks
|
| 942 |
|
|
|2 ddc
|c BK
|
| 999 |
|
|
|c 8892
|d 8892
|
| 952 |
|
|
|0 0
|1 0
|2 ddc
|4 0
|6 006_454000000000000_JEL_1997
|7 0
|9 10874
|a BRACUL
|b BRACUL
|c GEN
|d 2010-06-10
|e Trim Education
|g 4490.00
|l 0
|o 006.454 JEL
|p 3010020431
|r 2010-06-10
|t 1
|v 8980.00
|w 2010-06-10
|y BK
|
| 952 |
|
|
|0 0
|1 0
|2 ddc
|4 0
|6 006_454000000000000_JEL_1997
|7 0
|9 10875
|a BRACUL
|b BRACUL
|c GEN
|d 2010-06-10
|e Trim Education
|g 4490.00
|l 3
|m 5
|o 006.454 JEL
|p 3010020432
|r 2025-06-23
|s 2025-06-19
|t 2
|v 8980.00
|w 2010-06-10
|y BK
|
| 952 |
|
|
|0 0
|1 0
|2 ddc
|4 0
|6 006_454000000000000_JEL_1997
|7 0
|9 10876
|a BRACUL
|b BRACUL
|c GEN
|d 2010-06-10
|e Trim Education
|g 4490.00
|l 2
|m 9
|o 006.454 JEL
|p 3010020433
|r 2025-06-28
|s 2025-06-23
|t 3
|w 2010-06-10
|y BK
|x 8980.00
|